[Event "Online Olym Div3 D 2020"]
[Site "chess.com INT"]
[Date "2020.07.07"]
[Round "3.2"]
[Board "3"]
[White "Abarca Gonzalez, Damaris"]
[Black "Kakulidis, Ellen"]
[Result "1/2-1/2"]
[WhiteTitle "WFM"]
[BlackTitle "WCM"]
[WhiteElo "2047"]
[BlackElo "2059"]
[WhiteTeam "Chile"]
[BlackTeam "Denmark"]
[WhiteFideId "3409414"]
[BlackFideId "1444972"]
[EventDate "2020.07.07"]
[EventType "team"]

1. e4 e5 2. Nf3 Nc6 3. Bc4 Nf6 4. d3 Be7 5. O-O d6 6. c3 O-O 7. Nbd2 Na5 8. Bb5
a6 9. Ba4 b5 10. Bc2 c5 11. Re1 Nc6 12. Nf1 Qc7 13. Bg5 Be6 14. Ne3 Rad8 15.
Bxf6 Bxf6 16. Nd5 Bxd5 17. exd5 Ne7 18. c4 g6 19. Qd2 Nf5 20. Rab1 Nd4 21. Nxd4
cxd4 22. b3 Rfe8 23. Bd1 Qe7 24. Qa5 Ra8 25. a4 Bg5 26. Bf3 bxc4 27. bxc4 Qd8
28. Qxd8 Rexd8 29. Rb6 a5 30. Reb1 Bd2 31. R1b5 Bb4 32. h4 Rd7 33. h5 f5 34.
Rb8+ Rxb8 35. Rxb8+ Kf7 36. g4 Re7 37. hxg6+ hxg6 38. gxf5 gxf5 39. Bh5+ Kg7 40.
f3 Kh6 41. Rh8+ Kg5 42. Kf2 Kf4 43. Be8 Rg7 44. Rh4+ Kg5 45. Rh5+ Kf6 46. Rh6+
Kg5 47. Rh5+ Kf6 48. Rh6+ Kg5 49. Rh5+ 1/2-1/2

[Event "Online Olym Div3 D 2020"]
[Site "chess.com INT"]
[Date "2020.07.07"]
[Round "3.2"]
[Board "4"]
[White "Stolberg-Rohr, Thomine"]
[Black "Morales Flores, Monserrat"]
[Result "0-1"]
[WhiteTitle "WFM"]
[BlackTitle "WCM"]
[WhiteElo "1918"]
[BlackElo "1974"]
[WhiteTeam "Denmark"]
[BlackTeam "Chile"]
[WhiteFideId "1504258"]
[BlackFideId "3412016"]
[EventDate "2020.07.07"]
[EventType "team"]

1. e4 c5 2. Nf3 e6 3. d4 cxd4 4. Nxd4 a6 5. c4 Qc7 6. Nc3 Nf6 7. f3 Nc6 8. Be2
Nxd4 9. Qxd4 Bc5 10. Qd3 O-O 11. Be3 b6 12. O-O Bb7 13. Na4 d5 14. Nxc5 bxc5 15.
cxd5 exd5 16. exd5 Nxd5 17. Rac1 Qe5 18. Bd2 Rac8 19. Rfe1 Qf6 20. Bc3 Qg5 21.
Bd2 Qf6 22. Rc4 Rfd8 23. Qc2 Nb6 24. Rg4 h5 25. Rf4 Qd6 26. Bc1 Nd5 27. Rc4 Nb6
28. Rh4 g6 29. Bc4 Nxc4 30. Rxc4 Bd5 31. Ra4 Be6 32. Bf4 Qb6 33. Kh1 Rd4 34.
Rxd4 cxd4 35. Qd2 Bxa2 36. Be5 Kh7 37. h3 Rd8 38. Rc1 Qe6 39. Qf4 Rd5 40. Bc7
Rf5 41. Qd2 Rd5 42. Re1 Qd7 43. Bf4 Rf5 44. Bg3 Bb3 45. Bh4 d3 46. Re7 Qc6 47.
Kh2 Qd6+ 48. Bg3 Qxe7 49. Qxd3 Be6 50. Qxa6 h4 51. Bf2 Qc7+ 52. Kg1 Qc1+ 53. Kh2
Qxb2 54. Bxh4 Rxf3 55. Qd3 Rxd3 0-1

[Event "Online Olym Div3 D 2020"]
[Site "chess.com INT"]
[Date "2020.07.07"]
[Round "3.2"]
[Board "5"]
[White "Castellanos Villela, Alejandro"]
[Black "Olsen, Filip Boe"]
[Result "0-1"]
[WhiteTitle "CM"]
[BlackTitle "IM"]
[WhiteElo "2202"]
[BlackElo "2351"]
[WhiteTeam "Chile"]
[BlackTeam "Denmark"]
[WhiteFideId "3446379"]
[BlackFideId "1440640"]
[EventDate "2020.07.07"]
[EventType "team"]

1. Nf3 d5 2. g3 g6 3. Bg2 Bg7 4. d4 Nf6 5. O-O O-O 6. c4 dxc4 7. Na3 c3 8. bxc3
c5 9. Re1 Nc6 10. e4 cxd4 11. cxd4 Bg4 12. Bb2 Ne8 13. Nc2 Qd7 14. Rb1 Nd6 15.
d5 Bxf3 16. Qxf3 Ne5 17. Qb3 Rfc8 18. f4 Nec4 19. Bxg7 Kxg7 20. e5 Nf5 21. Red1
Rab8 0-1

[Event "Online Olym Div3 D 2020"]
[Site "chess.com INT"]
[Date "2020.07.07"]
[Round "3.2"]
[Board "6"]
[White "van den Brink, Nienke"]
[Black "Gomez Barrera, Javiera Belen"]
[Result "0-1"]
[BlackTitle "WIM"]
[WhiteElo "1811"]
[BlackElo "2083"]
[WhiteTeam "Denmark"]
[BlackTeam "Chile"]
[WhiteFideId "1452568"]
[BlackFideId "3418723"]
[EventDate "2020.07.07"]
[EventType "team"]

1. e4 e5 2. Nf3 Nc6 3. d4 exd4 4. Nxd4 Qf6 5. c3 Bc5 6. Be3 Nge7 7. Qd2 O-O 8.
Nxc6 Qxc6 9. Bxc5 Qxc5 10. b4 Qe5 11. Qe3 Ng6 12. Nd2 Re8 13. Bc4 b5 14. Bb3 Bb7
15. O-O Nf4 16. Rad1 Rad8 17. Qxa7 Ba8 18. f3 Ne2+ 19. Kh1 Nxc3 20. Rc1 Ne2 21.
Rxc7 Qh5 22. Re1 Nf4 23. Rxd7 Rxd7 24. Qxd7 Rf8 25. g3 Ng6 26. Qg4 Qe5 27. Rd1
Qc3 28. Nb1 Qxb4 29. Rd7 Qe1+ 30. Kg2 Qe2+ 31. Kg1 Qe1+ 32. Kg2 Ne5 33. Qf5 Nxd7
34. Qxd7 Qxb1 35. Qxb5 Qb2+ 36. Kg1 Qd4+ 37. Kg2 Qd2+ 38. Kg1 Qe3+ 39. Kg2 Qd2+
40. Kf1 Qxh2 41. Qd7 Qxg3 42. Bxf7+ Kh8 43. Qe7 Qxf3+ 44. Ke1 Qxf7 0-1

[Event "Online Olym Div3 D 2020"]
[Site "chess.com INT"]
[Date "2020.07.07"]
[Round "3.3"]
[Board "1"]
[White "Martinez Reyes, Pedro Ramon"]
[Black "White, Rushawn"]
[Result "1-0"]
[WhiteTitle "FM"]
[WhiteElo "2422"]
[BlackElo "1743"]
[WhiteTeam "Venezuela"]
[BlackTeam "Jamaica"]
[WhiteFideId "3901807"]
[BlackFideId "7402805"]
[EventDate "2020.07.07"]
[EventType "team"]

1. Nf3 e6 2. b3 d5 3. Bb2 Nf6 4. e3 c5 5. c4 Nc6 6. cxd5 exd5 7. Bb5 Bd6 8. O-O
Bg4 9. d4 cxd4 10. Qxd4 O-O 11. Bxc6 bxc6 12. Nbd2 Re8 13. Qa4 Ne4 14. Nxe4 Rxe4
15. Qxc6 Bxf3 16. gxf3 Re6 17. Qc3 Bxh2+ 18. Kh1 Qg5 19. Qxg7+ Qxg7 20. Bxg7
Kxg7 21. Kxh2 Rh6+ 22. Kg2 Rg6+ 23. Kh3 Kf6 24. Rg1 Rh6+ 25. Kg2 Rg8+ 26. Kf1
Rc8 27. Rg4 Rh1+ 28. Rg1 Rh2 29. Ke1 Rc2 30. Rf1 h5 31. Rd1 Rxa2 32. Rxd5 h4 33.
Rd2 Ra3 34. Ke2 Rxb3 35. f4 a5 36. Kf3 a4 37. Ra1 a3 38. Rda2 Ke6 39. Rxa3 Rxa3
40. Rxa3 f5 41. Ra6+ Ke7 42. Rg6 Rh1 43. Kg2 Ra1 44. Rh6 Ra8 45. Rxh4 Ra3 46.
Rh6 Ra2 47. Kg3 Ra3 48. Kh4 Ra2 49. Kg5 Rxf2 50. Kxf5 Rc2 51. e4 Rc1 52. e5 Re1
53. Rh7+ Ke8 54. Kf6 Rf1 55. f5 Kf8 56. Rh8# 1-0

[Event "Online Olym Div3 D 2020"]
[Site "chess.com INT"]
[Date "2020.07.07"]
[Round "3.3"]
[Board "2"]
[White "Rowe, Duane"]
[Black "Romero Barreto, Jaime Jose"]
[Result "1-0"]
[WhiteTitle "CM"]
[BlackTitle "IM"]
[WhiteElo "2157"]
[BlackElo "2351"]
[WhiteTeam "Jamaica"]
[BlackTeam "Venezuela"]
[WhiteFideId "7400268"]
[BlackFideId "3902498"]
[EventDate "2020.07.07"]
[EventType "team"]

1. e4 e5 2. Nc3 Nc6 3. Bc4 Nf6 4. d3 Bb4 5. Ne2 Na5 6. O-O Nxc4 7. dxc4 O-O 8.
Bg5 Be7 9. Ng3 d6 10. h3 Nxe4 11. Bxe7 Nxc3 12. Bxd8 Nxd1 13. Bxc7 Nxb2 14. Bxd6
Rd8 15. c5 Nc4 16. Bc7 Rd7 17. Rfd1 f5 18. Bd6 g6 19. Ne2 b6 20. Nc3 Bb7 21.
Rab1 Rad8 22. cxb6 Nxd6 23. bxa7 Ba8 24. Rb8 Kf7 25. Nb5 Nxb5 26. Rxd8 Rxa7 27.
R1d7+ Rxd7 28. Rxd7+ Kf6 29. a4 Nd4 30. a5 Bc6 31. Rc7 Bb5 32. c4 Ba6 33. c5 Ke6
34. Ra7 Bc4 35. a6 Nc6 36. Ra8 Kd7 37. a7 Nxa7 38. Rxa7+ Kc6 39. Ra5 Bb5 40. Ra7
Kxc5 41. Rxh7 f4 42. Rg7 Bd3 43. f3 Kd6 44. Kf2 Ke6 45. g4 fxg3+ 46. Kxg3 Kf6
47. Rb7 Bf5 48. Rb6+ Kf7 49. Kh4 e4 50. fxe4 Bxe4 51. Kg5 Kg7 52. Re6 Bf5 53.
Re7+ Kf8 54. Kf6 Bxh3 55. Rh7 Be6 56. Kxe6 1-0

[Event "Online Olym Div3 D 2020"]
[Site "chess.com INT"]
[Date "2020.07.07"]
[Round "3.3"]
[Board "3"]
[White "Rovira Contreras, Tairu Manuela"]
[Black "Brown, Raehanna"]
[Result "0-1"]
[WhiteTitle "WIM"]
[BlackTitle "WCM"]
[WhiteElo "2058"]
[BlackElo "1594"]
[WhiteTeam "Venezuela"]
[BlackTeam "Jamaica"]
[WhiteFideId "3900533"]
[BlackFideId "7402740"]
[EventDate "2020.07.07"]
[EventType "team"]

1. d4 Nf6 2. Nf3 g6 3. b3 Bg7 4. Bb2 O-O 5. e3 d6 6. Be2 Nbd7 7. O-O c6 8. c4
Qc7 9. Nbd2 e5 10. dxe5 dxe5 11. Qc2 Re8 12. e4 Nf8 13. c5 Nh5 14. Rfe1 Nf4 15.
Bf1 Bg4 16. h3 Bxf3 17. Nxf3 N8e6 18. g3 Nh5 19. b4 Rad8 20. Rad1 h6 21. Bc4 Kh7
22. Qb3 Kg8 23. Kh2 Nd4 24. Nxd4 exd4 25. f4 g5 26. Qf3 Nf6 27. e5 Nd5 28. Bxd5
Rxd5 29. Bxd4 Red8 30. Bf2 gxf4 31. gxf4 Qe7 32. Rg1 Kh8 33. Qg4 f6 34. e6 f5
35. Qe2 Rxd1 36. Rxd1 Rxd1 37. Qxd1 Qxe6 38. Qd8+ Kh7 39. Qd2 Qc4 40. Kg3 Qf7
41. Qc2 Qg6+ 42. Kh2 Qe6 43. a3 Bf6 44. Qd3 Be7 45. Bd4 Bf8 46. Be5 Qa2+ 47. Kg3
Qf7 48. Kf3 a6 49. Kg2 Bg7 50. Kf3 Qh5+ 51. Kg3 Qg6+ 52. Kf2 Qe6 53. Qc3 Qe7 54.
Kg3 Qf7 55. Kf3 Qd5+ 56. Kg3 Qf7 57. Qd3 Qg6+ 58. Kf2 Qf7 59. Bxg7 Kxg7 60. Qd4+
Qf6 61. Qd7+ Qf7 62. Qd3 Kg6 63. Kg3 Kg7 64. a4 Kg6 0-1

[Event "Online Olym Div3 D 2020"]
[Site "chess.com INT"]
[Date "2020.07.07"]
[Round "3.3"]
[Board "4"]
[White "Curwin, Nickaylah"]
[Black "Hernandez Bonilla, Amelia"]
[Result "0-1"]
[BlackTitle "WFM"]
[WhiteElo "1509"]
[BlackElo "2016"]
[WhiteTeam "Jamaica"]
[BlackTeam "Venezuela"]
[WhiteFideId "7402627"]
[BlackFideId "3900193"]
[EventDate "2020.07.07"]
[EventType "team"]

1. d4 Nf6 2. Bf4 e6 3. e3 d5 4. Bd3 Bd6 5. Bg3 O-O 6. Nf3 c5 7. c3 Nc6 8. Nbd2
cxd4 9. cxd4 Qe7 10. Bxd6 Qxd6 11. O-O e5 12. dxe5 Nxe5 13. Be2 Bf5 14. Nb3 Rad8
15. Nbd4 Bg6 16. Rc1 a6 17. Nh4 Ned7 18. Nxg6 hxg6 19. Bf3 Ne5 20. Be2 Ne4 21.
Nf3 Ng4 22. h3 Ngf6 23. Qd3 Rfe8 24. Rc2 Re7 25. Rfc1 Red7 26. Nd2 Nxd2 27. Qxd2
d4 28. exd4 Qxd4 29. Qxd4 Rxd4 30. Bf3 R8d7 31. Kh2 Rd2 32. b3 b5 33. Kg1 b4 34.
Bc6 Rxc2 35. Rxc2 Rc7 36. Kf1 Kf8 37. Ke2 Ke7 38. Kd1 Kd6 39. Bf3 Rc5 40. Rd2+
Ke5 41. Ke2 Nd5 42. Bxd5 Rxd5 43. f4+ Ke6 44. Rc2 Ra5 45. g3 Kd5 46. Ke3 f6 47.
Rd2+ Ke6 48. g4 g5 49. Rc2 gxf4+ 50. Kxf4 g5+ 51. Kg3 Ke5 52. Re2+ Kd4 53. Kf3
Kc3 54. Kg3 f5 55. gxf5 Rxf5 56. Kg4 Ra5 57. h4 gxh4 58. Kxh4 Rd5 59. Re6 a5 60.
Re3+ Kc2 61. Re2+ Kb1 62. Rf2 Rc5 63. Kg4 Rc2 64. Rf5 Rxa2 65. Rb5 Kb2 66. Kf4
Kxb3 67. Ke4 a4 68. Kd3 Ra1 69. Rb6 Rc1 70. Kd2 Rc7 71. Rg6 a3 72. Rg3+ Kb2 73.
Rg1 Rd7+ 74. Ke3 a2 75. Rg2+ Ka3 76. Rg1 b3 77. Ke4 b2 78. Rg3+ Kb4 0-1

[Event "Online Olym Div3 D 2020"]
[Site "chess.com INT"]
[Date "2020.07.07"]
[Round "3.3"]
[Board "5"]
[White "Salazar Olchowski, Gabriel Anton"]
[Black "Stephenson, John"]
[Result "1-0"]
[WhiteTitle "FM"]
[WhiteElo "2159"]
[BlackElo "1629"]
[WhiteTeam "Venezuela"]
[BlackTeam "Jamaica"]
[WhiteFideId "3920747"]
[BlackFideId "7404409"]
[EventDate "2020.07.07"]
[EventType "team"]

1. e4 c5 2. Nf3 d6 3. d4 cxd4 4. Nxd4 Nf6 5. Nc3 a6 6. Be3 e6 7. Be2 Be7 8. O-O
O-O 9. f4 Nbd7 10. Bf3 Qc7 11. g4 Nc5 12. g5 Nfd7 13. a4 Nb6 14. Bg2 Bd7 15. a5
Nba4 16. Nxa4 Nxa4 17. b3 Nc3 18. Qh5 Rfc8 19. Rf3 g6 20. Qh6 Bf8 21. Qh4 e5 22.
fxe5 dxe5 23. Rxf7 Kxf7 24. Qxh7+ Ke8 25. Qxg6+ Kd8 26. Qf6+ Ke8 27. Qg6+ Kd8
28. Ne6+ Bxe6 29. Bb6 Bc5+ 30. Kh1 Bxb6 31. Qxe6 Bc5 32. Rf1 Qe7 33. Qg6 Kc7 34.
Rf7 Re8 35. Qf6 Qxf7 36. Qxf7+ Re7 37. Qc4 Nd1 38. Qxc5+ Kd8 39. Qd6+ Rd7 40.
Qf8+ Kc7 41. Qxa8 Nf2+ 42. Kg1 Ng4 43. Bf1 Rd1 44. Qa7 Rd2 45. h3 Nh2 46. Bg2 1-0

[Event "Online Olym Div3 D 2020"]
[Site "chess.com INT"]
[Date "2020.07.07"]
[Round "3.3"]
[Board "6"]
[White "Miller, Rachel"]
[Black "Alvarado Arcila, Marvia Josefina"]
[Result "1-0"]
[WhiteTitle "CM"]
[BlackTitle "WFM"]
[WhiteElo "2004"]
[BlackElo "1967"]
[WhiteTeam "Jamaica"]
[BlackTeam "Venezuela"]
[WhiteFideId "7401302"]
[BlackFideId "3909034"]
[EventDate "2020.07.07"]
[EventType "team"]

1. e4 g6 2. d4 Bg7 3. Nc3 d6 4. Be3 Nf6 5. Nf3 c6 6. Qd2 O-O 7. Bd3 Re8 8. h3 b5
9. O-O a6 10. Ne2 Nbd7 11. Ng3 Qc7 12. a4 Bb7 13. c3 bxa4 14. Rxa4 c5 15. d5 e6
16. c4 exd5 17. exd5 Rab8 18. b3 Nb6 19. Ra2 Bc8 20. Qd1 Nfd7 21. Ne4 f5 22.
Neg5 Ne5 23. Be2 Qb7 24. Nxe5 Bxe5 25. Qd2 Nd7 26. Bd1 Qb4 27. Qc1 Nf8 28. Bd2
Qb7 29. Re1 h6 30. Nf3 g5 31. Bc3 Qg7 32. Bxe5 dxe5 33. Rae2 e4 34. Nh2 Ng6 35.
Bc2 Bd7 36. Qa3 Nf4 37. Re3 h5 38. Qxc5 g4 39. hxg4 hxg4 40. Qd6 Nd3 41. Bxd3
exd3 42. Rxe8+ Rxe8 43. Rxe8+ Bxe8 44. Qe6+ Bf7 45. Qxf5 d2 46. Qb1 Qd4 47. Qd1
Qc3 48. Nf1 Bh5 49. Qxd2 Qxb3 50. Qg5+ 1-0

[Event "Online Olym Div3 D 2020"]
[Site "chess.com INT"]
[Date "2020.07.07"]
[Round "3.4"]
[Board "1"]
[White "Zambrana, Oswaldo"]
[Black "Boidiya, Sidi"]
[Result "1-0"]
[WhiteTitle "GM"]
[BlackTitle "FM"]
[WhiteElo "2438"]
[BlackElo "2040"]
[WhiteTeam "Bolivia"]
[BlackTeam "Mauritania"]
[WhiteFideId "3300200"]
[BlackFideId "19600100"]
[EventDate "2020.07.07"]
[EventType "team"]

1. e4 c6 2. d4 d5 3. Nc3 dxe4 4. Nxe4 Nd7 5. Bd3 Ngf6 6. Ng5 e6 7. N1f3 Bd6 8.
Qe2 h6 9. Ne4 Nxe4 10. Qxe4 Qc7 11. Qg4 Kf8 12. O-O b6 13. b3 e5 14. Bb2 Nc5 15.
Qh4 Nxd3 16. cxd3 exd4 17. Nxd4 Bd7 18. Rfe1 Qd8 19. Qe4 Qc7 20. Nb5 Bxh2+ 21.
Kh1 Qd8 22. Kxh2 cxb5 23. Qd4 f6 24. Ba3+ Kg8 25. Qd5+ Kh7 26. Re7 Be8 27. Qf5+
Bg6 28. Qxf6 Rg8 29. Rc1 Qf8 30. Qh4 Re8 31. Rcc7 Rxe7 32. Rxe7 Qf5 33. Bc1 Bf7
34. Qe4 Qxe4 35. dxe4 Bg6 36. Bb2 h5 37. f4 Kh6 38. f5 Be8 39. Bxg7+ Kg5 40. f6
Kg6 41. Kg3 Bf7 42. Kf4 a5 43. e5 Bd5 44. g3 a4 45. bxa4 bxa4 46. a3 b5 47. e6
b4 48. axb4 a3 49. Ke5 a2 50. Ra7 Ra8 51. e7 Kf7 52. e8=Q+ Kxe8 53. f7+ Bxf7 54.
Rxa8+ Kd7 55. Ra7+ Kc6 56. Kf4 Bc4 57. Bc3 Kb5 58. Ra5+ Kb6 59. Bd4+ Kb7 60.
Rxh5 Bd3 61. Rh6 1-0

[Event "Online Olym Div3 D 2020"]
[Site "chess.com INT"]
[Date "2020.07.07"]
[Round "3.4"]
[Board "2"]
[White "Taleb Mohamed, Ahmed"]
[Black "Gemy, Jose Daniel"]
[Result "1/2-1/2"]
[WhiteTitle "CM"]
[BlackTitle "IM"]
[WhiteElo "1950"]
[BlackElo "2380"]
[WhiteTeam "Mauritania"]
[BlackTeam "Bolivia"]
[WhiteFideId "19600038"]
[BlackFideId "3301478"]
[EventDate "2020.07.07"]
[EventType "team"]

1. e4 e5 2. Nf3 Nc6 3. Bc4 Bc5 4. c3 Nf6 5. d4 exd4 6. cxd4 Bb4+ 7. Bd2 Bxd2+ 8.
Nbxd2 d5 9. exd5 Nxd5 10. Qb3 Na5 11. Qa4+ Nc6 12. Qb3 Nce7 13. O-O O-O 14. Rfe1
c6 15. a4 Qb6 16. a5 Qxb3 17. Nxb3 h6 18. Nc5 Rb8 19. Ne5 Rd8 20. Rad1 b6 21.
Bxd5 Rxd5 22. axb6 axb6 23. Ncd3 Rxd4 24. Nxf7 Kf8 25. Nde5 Rxd1 26. Rxd1 Bf5
27. g4 Bxg4 28. Rd8+ Rxd8 29. Nxd8 Bc8 30. Ndxc6 Nxc6 31. Nxc6 Ke8 32. Kf1 Kd7
33. Nd4 Kd6 34. Ke2 Kd5 35. Ke3 g5 36. Kd3 Ba6+ 37. Ke3 Bc8 38. Kd3 h5 39. Ke3
Bh3 40. Nb5 Kc4 41. Nd6+ Kb3 42. Kd4 Bf1 43. Ne4 Kxb2 44. Nxg5 b5 45. f4 b4 46.
f5 Bb5 47. f6 Be8 48. f7 Bxf7 49. Nxf7 b3 50. Ne5 Kc2 51. Nc4 h4 52. h3 b2 53.
Nxb2 Kxb2 54. Ke4 Kc3 55. Kf4 Kd4 56. Kg4 Ke5 57. Kxh4 Kf6 58. Kh5 Kg7 59. Kg5
Kh8 60. Kg6 Kg8 61. Kh6 Kh8 1/2-1/2

[Event "Online Olym Div3 D 2020"]
[Site "chess.com INT"]
[Date "2020.07.07"]
[Round "3.4"]
[Board "5"]
[White "Bolanos, Fernando"]
[Black "Mohamed Abderrahim, Taleb Mohamed"]
[Result "1-0"]
[WhiteTitle "CM"]
[WhiteElo "2287"]
[BlackElo "1811"]
[WhiteTeam "Bolivia"]
[BlackTeam "Mauritania"]
[WhiteFideId "3304094"]
[BlackFideId "19601441"]
[EventDate "2020.07.07"]
[EventType "team"]

1. e4 c5 2. Nf3 Nc6 3. d4 cxd4 4. Nxd4 e5 5. Nb5 d6 6. c4 Be7 7. Be3 f5 8. exf5
Bxf5 9. N1c3 a6 10. Na3 Bg5 11. Qh5+ Bg6 12. Qxg5 Qa5 13. Be2 Qb4 14. Bc1 Nd4
15. Bh5 Bxh5 16. Qxh5+ g6 17. Qg5 b5 18. cxb5 axb5 19. O-O Rxa3 20. bxa3 Qxc3
21. Be3 Ne6 22. Qh4 Qc4 23. Qh3 Ne7 24. Rfc1 Qd5 25. Rd1 Nd4 26. Bxd4 exd4 27.
Re1 Kf7 28. Rad1 Nf5 29. Qb3 Qxb3 30. axb3 Ra8 31. Ra1 Ne7 32. a4 b4 33. Rec1
Nd5 34. Rc4 Nc3 35. Kf1 d3 36. Rd4 d5 37. Rxd3 Ke6 38. Rd4 Rb8 39. f4 Ne4 40. a5
Nc5 41. a6 Nxb3 42. a7 Ra8 43. Ra6+ Kf5 44. Rxb4 Nc5 45. Ra5 Nd7 46. Rb7 Ke6 47.
Ke2 Kd6 48. Ra6+ Ke7 49. Ke3 Kd8 50. Rd6 1-0

[Event "Online Olym Div3 D 2020"]
[Site "chess.com INT"]
[Date "2020.07.07"]
[Round "3.5"]
[Board "1"]
[White "Hoffman, Alejandro"]
[Black "Zilleruelo Irizarry, Diego"]
[Result "1-0"]
[WhiteTitle "GM"]
[WhiteElo "2474"]
[BlackElo "2081"]
[WhiteTeam "Uruguay"]
[BlackTeam "Puerto Rico"]
[WhiteFideId "100340"]
[BlackFideId "3101460"]
[EventDate "2020.07.07"]
[EventType "team"]

1. d4 d5 2. c4 c6 3. Nc3 Nf6 4. e3 e6 5. Nf3 Be7 6. Bd3 Nbd7 7. O-O O-O 8. b3
Re8 9. Bb2 Bd6 10. e4 dxe4 11. Nxe4 Nxe4 12. Bxe4 Nf6 13. Bc2 b6 14. Qe2 Bb7 15.
Rad1 Qc7 16. c5 Bf8 17. Bb1 a5 18. Qc2 g6 19. Ne5 Nd5 20. a3 Rad8 21. Rfe1 Bg7
22. h4 b5 23. Bc1 b4 24. axb4 axb4 25. Bd2 Ba6 26. h5 Bb5 27. hxg6 hxg6 28. Nc4
Bxc4 29. bxc4 Nc3 30. Bxc3 bxc3 31. Qxc3 Qf4 32. Re4 Qf6 33. Rd3 Qf5 34. Qe1 Bf6
35. Bc2 Kg7 36. Rf3 Qg5 37. Ref4 Bxd4 38. Rxf7+ Kg8 39. R7f4 Kg7 40. Qe4 e5 41.
Rf7+ Kg8 42. g3 Re7 43. Rxe7 Qxe7 44. Qxg6+ Qg7 45. Qxc6 1-0

[Event "Online Olym Div3 D 2020"]
[Site "chess.com INT"]
[Date "2020.07.07"]
[Round "3.5"]
[Board "2"]
[White "Davila Blanco, Juan Jose"]
[Black "Diaz Hollemaert, Nahuel"]
[Result "0-1"]
[WhiteTitle "CM"]
[BlackTitle "IM"]
[WhiteElo "2047"]
[BlackElo "2441"]
[WhiteTeam "Puerto Rico"]
[BlackTeam "Uruguay"]
[WhiteFideId "3102378"]
[BlackFideId "104019"]
[EventDate "2020.07.07"]
[EventType "team"]

1. d4 Nf6 2. Nf3 e6 3. c4 b6 4. e3 Bb7 5. Bd3 g6 6. O-O Bg7 7. b4 O-O 8. Bb2 a5
9. a3 d6 10. Nbd2 Nbd7 11. Qc2 Nh5 12. Be2 f5 13. c5 Bd5 14. Rfc1 Ndf6 15. cxb6
cxb6 16. Qc7 f4 17. Ng5 fxe3 18. fxe3 Bh6 19. h4 Ng3 20. Bf3 Bxf3 21. Ndxf3 Ne2+
22. Kh1 Nxc1 23. Rxc1 Qxc7 24. Rxc7 Rac8 25. Rc3 Bxg5 26. hxg5 Ne4 27. Rxc8 Rxc8
28. d5 e5 29. bxa5 bxa5 30. a4 Rc2 31. Ba3 Ra2 32. Nxe5 dxe5 33. d6 Rxa3 34. d7
Rd3 0-1

[Event "Online Olym Div3 D 2020"]
[Site "chess.com INT"]
[Date "2020.07.07"]
[Round "3.5"]
[Board "3"]
[White "de Leon, Patricia"]
[Black "Vazquez Maccarini, Danitza"]
[Result "1-0"]
[WhiteTitle "WFM"]
[BlackTitle "FM"]
[WhiteElo "2004"]
[BlackElo "2090"]
[WhiteTeam "Uruguay"]
[BlackTeam "Puerto Rico"]
[WhiteFideId "3000273"]
[BlackFideId "3101193"]
[EventDate "2020.07.07"]
[EventType "team"]

1. d4 Nf6 2. c4 e6 3. Nf3 c5 4. d5 exd5 5. cxd5 d6 6. Nc3 g6 7. e4 Bg7 8. Bd3
O-O 9. h3 a6 10. a4 Re8 11. O-O Nbd7 12. Re1 Qc7 13. Bf4 Nh5 14. Bh2 Ne5 15. Be2
Rb8 16. Nxe5 Bxe5 17. Bxh5 Bxh2+ 18. Kxh2 gxh5 19. Qxh5 Re5 20. Qh6 Bd7 21. Re3
Kh8 22. Qf6+ Kg8 23. Rg3+ 1-0

[Event "Online Olym Div3 D 2020"]
[Site "chess.com INT"]
[Date "2020.07.07"]
[Round "3.5"]
[Board "4"]
[White "Morales Santos, Natasha"]
[Black "Larrea, Daniela"]
[Result "1-0"]
[WhiteTitle "WIM"]
[BlackTitle "WCM"]
[WhiteElo "1949"]
[BlackElo "1705"]
[WhiteTeam "Puerto Rico"]
[BlackTeam "Uruguay"]
[WhiteFideId "3101703"]
[BlackFideId "3003000"]
[EventDate "2020.07.07"]
[EventType "team"]

1. d4 d5 2. c4 e6 3. Nc3 c6 4. Nf3 Bd6 5. e3 f5 6. Bd3 Nf6 7. Ne5 O-O 8. O-O Ne4
9. f4 Nd7 10. Bd2 Ndf6 11. Be1 Bd7 12. Bh4 Qe8 13. Qe2 Be7 14. Nxe4 Nxe4 15.
Bxe7 Qxe7 16. Bxe4 fxe4 17. c5 Be8 18. Qg4 Rf5 19. b4 Bh5 20. Qh3 Bg6 21. g4 Rf6
22. a4 Be8 23. Rab1 Rh6 24. Qg3 Qh4 25. Qxh4 Rxh4 26. Kg2 h6 27. Kg3 g5 28. b5
cxb5 29. axb5 a6 30. bxa6 Rxa6 31. Rxb7 Ra3 32. c6 Bxc6 33. Nxc6 Rxe3+ 34. Kf2
Rf3+ 35. Ke1 Re3+ 36. Kd2 Rd3+ 37. Kc2 Rxh2+ 38. Kb1 Rdd2 39. Ne7+ Kf8 40. fxg5+
Ke8 41. g6 e3 42. g7 1-0

[Event "Online Olym Div3 D 2020"]
[Site "chess.com INT"]
[Date "2020.07.07"]
[Round "3.5"]
[Board "5"]
[White "Vazquez, Facundo"]
[Black "Rodriguez Rosich, Carlos"]
[Result "1-0"]
[WhiteTitle "CM"]
[WhiteElo "2207"]
[BlackElo "1574"]
[WhiteTeam "Uruguay"]
[BlackTeam "Puerto Rico"]
[WhiteFideId "3007669"]
[BlackFideId "3104230"]
[EventDate "2020.07.07"]
[EventType "team"]

1. d4 Nf6 2. c4 c5 3. d5 b5 4. cxb5 a6 5. bxa6 g6 6. Nc3 Bxa6 7. e4 Bxf1 8. Kxf1
Bg7 9. Nf3 d6 10. g3 Nbd7 11. Kg2 O-O 12. a4 Qa5 13. Qc2 Rfb8 14. Bd2 Ne8 15.
Nb5 Qb6 16. Bc3 Nc7 17. Nxc7 Qxc7 18. Bxg7 Kxg7 19. Nd4 Qb7 20. Nb5 f5 21. Rhe1
Nf6 22. exf5 Nxd5 23. Kg1 Rf8 24. fxg6 hxg6 25. Qe4 Rab8 26. Rad1 Rf5 27. Nc3
Nxc3 28. bxc3 Re5 29. Qxb7 Rxe1+ 30. Rxe1 Rxb7 31. Kf1 Kf7 32. a5 Ra7 33. Ra1
Ke6 34. Ke2 c4 35. Ke3 Kd5 36. f4 e6 37. h4 Kc5 38. a6 d5 39. g4 d4+ 40. cxd4+
Kb4 41. Kd2 Kb3 42. Rb1+ Ka2 43. Rb6 Rc7 44. Kc3 Ka3 45. Rxe6 g5 46. hxg5 Ka4
47. g6 Ka5 48. d5 Kb5 49. f5 Rd7 50. d6 Kxa6 51. Re7 Rd8 52. d7 Kb5 53. g7 Kc5
54. Re8 Rxd7 55. g8=Q Rd3+ 56. Kc2 Kd4 57. Rd8+ Ke3 58. Qe6+ Kf4 59. Rxd3 cxd3+
60. Kxd3 Kxg4 61. f6+ Kg3 62. f7 Kh4 63. f8=Q Kh5 64. Qeg8 Kh4 65. Qh6# 1-0

[Event "Online Olym Div3 D 2020"]
[Site "chess.com INT"]
[Date "2020.07.07"]
[Round "3.5"]
[Board "6"]
[White "Richiez Guillen, Ciara Bernadette"]
[Black "Malan, Lucia"]
[Result "1-0"]
[BlackTitle "WCM"]
[WhiteElo "1417"]
[BlackElo "1741"]
[WhiteTeam "Puerto Rico"]
[BlackTeam "Uruguay"]
[WhiteFideId "6424643"]
[BlackFideId "3007570"]
[EventDate "2020.07.07"]
[EventType "team"]

1. d4 d5 2. c4 c6 3. Nc3 Nf6 4. Nf3 e6 5. Bf4 Nbd7 6. e3 Bb4 7. h3 O-O 8. Be2
Ne4 9. Qc2 Qa5 10. Rc1 Ndf6 11. O-O Bxc3 12. bxc3 b6 13. cxd5 cxd5 14. Ne5 Bb7
15. f3 Nd6 16. Bg5 Nh5 17. Bd3 Ng3 18. Bxh7+ Kh8 19. Rf2 f5 20. Bg6 Rac8 21. Kh2
Nge4 22. fxe4 Nxe4 23. Rf4 Nxg5 24. Rh4+ Kg8 25. Qe2 Rf6 26. Qh5 Kf8 27. Qh8+
Ke7 28. Qxg7+ 1-0